[Event "GER GM07-A email"]
[Site "GER email"]
[Date "2018.06.19"]
[Round "?"]
[White "Dunlop, Gordon"]
[Black "Stephan, Juergen"]
[Result "1-0"]
[WhiteElo "2535"]
[BlackElo "2567"]
[PlyCount "45"]
[EventDate "2018.??.??"]
[EventType "tourn (corr)"]
[EventRounds "13"]
[EventCountry "GER"]
[SourceTitle "Corr 2020"]
[Source "ChessBase"]
[SourceDate "2019.09.30"]
[SourceVersion "1"]
[SourceVersionDate "2019.09.30"]
[SourceQuality "1"]

1. e4 d5 2. exd5 Qxd5 3. Nc3 Qd6 4. d4 Nf6 5. Nf3 c6 6. g3 Bf5 7. Bg2 h6 8. 0-0 e6 9. Na4 Qc7 10. c4 Bd6 11. c5 Be7 12. Bf4 Qc8 13. b4 Nd5 14. Bd2 Bf6 15. Nb2 0-0 16. Nc4 Bg4 17. Rc1 Qd8 18. Re1 Nd7 19. Re4 Bf5 20. Re2 Bg4 21. Nd6 b6 22. b5 bxc5 23. bxc6 1-0

[Event "GER GM07-A email"]
[Site "GER email"]
[Date "2018.06.19"]
[Round "?"]
[White "Gleichmann, Matthias"]
[Black "Stephan, Juergen"]
[Result "1/2-1/2"]
[WhiteElo "2547"]
[BlackElo "2567"]
[PlyCount "104"]
[EventDate "2018.??.??"]
[EventType "tourn (corr)"]
[EventRounds "13"]
[EventCountry "GER"]
[SourceTitle "Corr 2022"]
[Source "ChessBase"]
[SourceDate "2021.10.24"]
[SourceVersion "1"]
[SourceVersionDate "2021.10.24"]
[SourceQuality "1"]

1. e4 c5 2. Nc3 d6 3. f4 g6 4. Nf3 Bg7 5. Bb5+ Bd7 6. Bc4 Nc6 7. 0-0 Na5 8. Be2 Nc6 9. Bc4 Na5 10. Be2 Nc6 11. d3 Nd4 12. Nxd4 cxd4 13. Nb1 Nh6 14. c3 Rc8 15. Kh1 f5 16. a4 0-0 17. cxd4 Bxd4 18. Nc3 e6 19. Bd2 a6 20. Bf3 Bc6 21. Qb3 Qd7 22. h3 Kh8 23. a5 Rce8 24. Qb4 Bg7 25. Be3 e5 26. fxe5 dxe5 27. Rad1 Rc8 28. Bb6 Rg8 29. Qb3 Bf6 30. d4 exd4 31. Rxd4 Qg7 32. Qd1 Be5 33. Rd2 Rge8 34. Rd3 fxe4 35. Bxe4 Nf5 36. Bxc6 Rxc6 37. Rd8 Rxd8 38. Qxd8+ Qg8 39. Rd1 Rd6 40. Rxd6 Nxd6 41. Qe7 Qe8 42. Qxe8+ Nxe8 43. Na4 Kg7 44. Nc5 Bxb2 45. Nxb7 Ba3 46. g4 Kf6 47. Bc5 Bc1 48. Kg2 Nc7 49. Kf3 Ke6 50. Ke4 Kd7 51. Bb6 Ne6 52. Nc5+ Nxc5+ 1/2-1/2

[Event "GER GM07-A email"]
[Site "GER email"]
[Date "2018.06.19"]
[Round "?"]
[White "Stephan, Juergen"]
[Black "Korze, Danilo"]
[Result "1/2-1/2"]
[WhiteElo "2567"]
[BlackElo "2567"]
[PlyCount "29"]
[EventDate "2018.??.??"]
[EventType "tourn (corr)"]
[EventRounds "13"]
[EventCountry "GER"]
[SourceTitle "Corr 2020"]
[Source "ChessBase"]
[SourceDate "2019.09.30"]
[SourceVersion "1"]
[SourceVersionDate "2019.09.30"]
[SourceQuality "1"]

1. Nf3 d5 2. d4 Nf6 3. Bf4 c5 4. e3 Nc6 5. Nbd2 Qb6 6. dxc5 Qxb2 7. Rb1 Qc3 8. Bb5 e6 9. 0-0 Be7 10. Nd4 Qxc5 11. N2b3 Qb6 12. Nd2 Qc5 13. N2b3 Qb6 14. Nd2 Qc5 15. N2b3 1/2-1/2

[Event "GER GM07-A email"]
[Site "GER email"]
[Date "2018.06.19"]
[Round "?"]
[White "Stephan, Juergen"]
[Black "Wunderlich, Hans Dieter"]
[Result "1/2-1/2"]
[WhiteElo "2567"]
[BlackElo "2589"]
[PlyCount "127"]
[EventDate "2018.??.??"]
[EventType "tourn (corr)"]
[EventRounds "13"]
[EventCountry "GER"]
[SourceTitle "Corr 2022"]
[Source "ChessBase"]
[SourceDate "2021.10.24"]
[SourceVersion "1"]
[SourceVersionDate "2021.10.24"]
[SourceQuality "1"]

1. e4 c5 2. Nf3 d6 3. d4 cxd4 4. Nxd4 Nf6 5. Nc3 a6 6. h3 e5 7. Nde2 h5 8. Bg5 Be6 9. Bxf6 Qxf6 10. Nd5 Qd8 11. Qd3 Nd7 12. 0-0-0 g6 13. Kb1 b5 14. f4 Nc5 15. Qf3 Bg7 16. f5 gxf5 17. exf5 e4 18. Qe3 Bxd5 19. Rxd5 Qf6 20. Nd4 Bh6 21. Qc3 0-0 22. g4 Rac8 23. Ne2 Qxc3 24. Nxc3 Bg7 25. Nd1 Be5 26. Nf2 Bg3 27. Nd1 h4 28. f6 Be5 29. Ne3 Nd7 30. Nf5 Nxf6 31. Rd1 Rc5 32. Be2 Rd8 33. g5 Nh7 34. Nxh4 Bg3 35. Ng2 Rxg5 36. Ne3 Be5 37. h4 Rg6 38. Bh5 Rh6 39. Be2 Kf8 40. Ng4 Re6 41. Rhf1 Bh8 42. c4 Nf6 43. Ne3 d5 44. Nxd5 Nxd5 45. cxd5 Rf6 46. Rxf6 Bxf6 47. h5 Rd6 48. Bg4 Bg5 49. Kc2 Rf6 50. d6 Rf4 51. Bc8 Rf2+ 52. Kb3 Bf6 53. d7 Rxb2+ 54. Ka3 b4+ 55. Ka4 Bd8 56. Re1 f5 57. Rf1 a5 58. Rxf5+ Ke7 59. Kb5 Rxa2 60. Bb7 Kxd7 61. Bxe4 Rh2 62. Rd5+ Ke6 63. Kc6 b3 64. Rxd8 1/2-1/2

[Event "GER GM07-A email"]
[Site "GER email"]
[Date "2018.06.19"]
[Round "?"]
[White "Tauber, Hans"]
[Black "Stephan, Juergen"]
[Result "1/2-1/2"]
[WhiteElo "2527"]
[BlackElo "2567"]
[PlyCount "91"]
[EventDate "2018.??.??"]
[EventType "tourn (corr)"]
[EventRounds "13"]
[EventCountry "GER"]
[SourceTitle "Corr 2020"]
[Source "ChessBase"]
[SourceDate "2019.09.30"]
[SourceVersion "1"]
[SourceVersionDate "2019.09.30"]
[SourceQuality "1"]

1. e4 c5 2. Nf3 d6 3. d4 cxd4 4. Nxd4 Nf6 5. Nc3 a6 6. h3 e6 7. g4 Be7 8. Be3 Nfd7 9. g5 b5 10. a3 Bb7 11. Rg1 Nc6 12. h4 Nc5 13. f3 0-0 14. f4 Re8 15. b4 Nxd4 16. Qxd4 Nd7 17. 0-0-0 Qc7 18. Bd2 Rac8 19. Rg3 Nb6 20. Kb1 d5 21. e5 Nc4 22. Bxc4 Qxc4 23. Be1 Qxd4 24. Rxd4 Bd8 25. Bf2 Bb6 26. Rd2 Bxf2 27. Rxf2 d4 28. Ne2 Red8 29. Rd3 Be4 30. Rxd4 Bxc2+ 31. Kb2 Bf5 32. Rxd8+ Rxd8 33. Nc1 f6 34. exf6 gxf6 35. Nb3 Rd5 36. Nc5 a5 37. Kc3 Kf7 38. Rd2 axb4+ 39. axb4 Rxd2 40. Kxd2 Kg6 41. gxf6 Kxf6 42. Ke3 e5 43. Ne4+ Bxe4 44. Kxe4 exf4 45. Kxf4 h5 46. Ke4 1/2-1/2

[Event "GER GM06-A email"]
[Site "GER email"]
[Date "2017.06.26"]
[Round "?"]
[White "Stephan, Juergen"]
[Black "De Oliveira, Joao Carlos"]
[Result "1/2-1/2"]
[WhiteElo "2571"]
[BlackElo "2573"]
[PlyCount "130"]
[EventDate "2017.??.??"]
[EventType "tourn (corr)"]
[EventRounds "13"]
[EventCountry "GER"]
[SourceTitle "Corr 2020"]
[Source "ChessBase"]
[SourceDate "2019.09.30"]
[SourceVersion "1"]
[SourceVersionDate "2019.09.30"]
[SourceQuality "1"]

1. Nf3 Nf6 2. c4 e6 3. g3 d5 4. b3 d4 5. e3 Nc6 6. Bg2 e5 7. 0-0 Be7 8. Bb2 Bg4 9. h3 Bh5 10. g4 Bg6 11. exd4 exd4 12. d3 h5 13. g5 Nh7 14. Na3 0-0 15. h4 Qd7 16. Nb5 Rab8 17. Nbxd4 Nxd4 18. Nxd4 Rbd8 19. Nf3 f6 20. gxf6 Bxf6 21. Ne5 Bxe5 22. Bxe5 Qe7 23. Bg3 Rxd3 24. Qe1 Qd7 25. Qe5 c6 26. Qc7 Qxc7 27. Bxc7 Rd7 28. Bg3 Nf6 29. Rfd1 Rfd8 30. Rxd7 Rxd7 31. Bf4 Bf5 32. Be3 a6 33. f3 Kf7 34. Kf2 g6 35. Rc1 Ne8 36. Ke2 Ng7 37. Rd1 Re7 38. Kf2 Rd7 39. Ke2 Re7 40. Kf2 Be6 41. Bg5 Rc7 42. Rd8 Bf5 43. Rd2 Be6 44. Rd8 Bf5 45. Rd2 Ne6 46. Be3 Ng7 47. Kg3 Re7 48. Kf2 Rc7 49. Kg3 Re7 50. Bf2 Ke8 51. Bf1 Ne6 52. Rd6 Rd7 53. Rxd7 Kxd7 54. b4 Kd6 55. f4 Be4 56. a3 Ng7 57. a4 Nf5+ 58. Kh3 Ke6 59. a5 Nd6 60. Bc5 Nf5 61. Be2 Bc2 62. Bb6 Be4 63. Bf2 Nd6 64. Kg3 Nf5+ 65. Kh3 Nd6 1/2-1/2

[Event "GER GM06-A email"]
[Site "GER email"]
[Date "2017.06.26"]
[Round "?"]
[White "Stephan, Juergen"]
[Black "Finocchiaro, Fabio"]
[Result "1/2-1/2"]
[WhiteElo "2571"]
[BlackElo "2591"]
[PlyCount "79"]
[EventDate "2017.??.??"]
[EventType "tourn (corr)"]
[EventRounds "13"]
[EventCountry "GER"]
[SourceTitle "Corr 2020"]
[Source "ChessBase"]
[SourceDate "2019.09.30"]
[SourceVersion "1"]
[SourceVersionDate "2019.09.30"]
[SourceQuality "1"]

1. e4 e5 2. Nf3 Nf6 3. Nxe5 d6 4. Nf3 Nxe4 5. Nc3 Nxc3 6. dxc3 Be7 7. Be3 Nc6 8. Qd2 Be6 9. 0-0-0 Qd7 10. Kb1 Bf6 11. h4 0-0-0 12. Nd4 Nxd4 13. Bxd4 Be5 14. Qe3 Qa4 15. b3 Qa5 16. Bxe5 dxe5 17. Be2 Bf5 18. Bd3 Bxd3 19. Rxd3 Rxd3 20. Qxd3 Qa6 21. Qe4 Qf6 22. Rh3 g6 23. Kb2 Qe6 24. h5 Rd8 25. hxg6 hxg6 26. g4 Qd5 27. Qb4 b6 28. Rh7 Qe6 29. a4 a5 30. Qe4 Kb8 31. g5 Rf8 32. Rh4 Qf5 33. Qe3 f6 34. gxf6 Qxf6 35. Rh7 Rh8 36. Rd7 Qf4 37. Qe1 Rh2 38. Rd8+ Ka7 39. Rd7 Kb8 40. Rd8+ 1/2-1/2

[Event "GER GM06-A email"]
[Site "GER email"]
[Date "2017.06.26"]
[Round "?"]
[White "Stephan, Juergen"]
[Black "Fleetwood, Daniel M"]
[Result "1/2-1/2"]
[WhiteElo "2571"]
[BlackElo "2571"]
[PlyCount "94"]
[EventDate "2017.??.??"]
[EventType "tourn (corr)"]
[EventRounds "13"]
[EventCountry "GER"]
[SourceTitle "Corr 2020"]
[Source "ChessBase"]
[SourceDate "2019.09.30"]
[SourceVersion "1"]
[SourceVersionDate "2019.09.30"]
[SourceQuality "1"]

1. e4 c5 2. Nf3 Nc6 3. Bb5 g6 4. Bxc6 bxc6 5. 0-0 Bg7 6. Re1 Nh6 7. c3 0-0 8. d4 cxd4 9. cxd4 d5 10. e5 f6 11. Nbd2 fxe5 12. Nxe5 Bxe5 13. dxe5 Qb6 14. Nf3 Nf5 15. a4 Nh4 16. a5 Nxf3+ 17. Qxf3 Qb4 18. Qc3 Rb8 19. Bh6 Qxc3 20. bxc3 Rd8 21. Be3 a6 22. Bb6 Rf8 23. Ra4 h5 24. f3 Be6 25. Kf2 Rf5 26. Rb4 g5 27. Bc5 Rxb4 28. Bxb4 Kf7 29. Bc5 g4 30. Bd4 h4 31. Rb1 gxf3 32. gxf3 h3 33. Rb7 Rg5 34. Ke3 Rg2 35. Bc5 Kg6 36. Kf4 Rxh2 37. Rxe7 Bf5 38. Rc7 Rg2 39. Bf8 Bd3 40. Rg7+ Kh5 41. Rxg2 hxg2 42. Bc5 Kg6 43. e6 Kf6 44. e7 Kf7 45. Kg3 g1Q+ 46. Bxg1 Kxe7 47. Bc5+ Kf6 1/2-1/2

[Event "GER GM06-A email"]
[Site "GER email"]
[Date "2017.06.26"]
[Round "?"]
[White "Stephan, Juergen"]
[Black "Wunderlich, Hans Dieter"]
[Result "1/2-1/2"]
[WhiteElo "2571"]
[BlackElo "2596"]
[PlyCount "115"]
[EventDate "2017.??.??"]
[EventType "tourn (corr)"]
[EventRounds "13"]
[EventCountry "GER"]
[SourceTitle "Corr 2020"]
[Source "ChessBase"]
[SourceDate "2019.09.30"]
[SourceVersion "1"]
[SourceVersionDate "2019.09.30"]
[SourceQuality "1"]

1. e4 c5 2. Nf3 d6 3. Bb5+ Nd7 4. d4 cxd4 5. Qxd4 a6 6. Bxd7+ Bxd7 7. c4 b5 8. Nc3 e5 9. Qd3 bxc4 10. Qxc4 Be6 11. Qd3 h6 12. 0-0 Nf6 13. Rd1 Be7 14. Ne1 0-0 15. Nc2 Qc7 16. Ne3 Rfc8 17. Bd2 Qb7 18. b3 Bd8 19. Rac1 Bb6 20. Ncd5 Nxd5 21. exd5 Bxe3 22. dxe6 Bxd2 23. exf7+ Qxf7 24. Qxd2 d5 25. Qd3 Rxc1 26. Rxc1 Rf8 27. Rc2 Qe6 28. h3 d4 29. Rc7 Rd8 30. f3 Rc8 31. Ra7 Qf6 32. Qe4 Rd8 33. Ra8 Rxa8 34. Qxa8+ Kf7 35. Kf2 Qf4 36. Qb7+ Kg8 37. Qc8+ Kf7 38. Qc4+ Kf8 39. Qd3 a5 40. a3 Ke7 41. Qe2 Kf6 42. Qa6+ Kg5 43. Qd3 Kf6 44. Qa6+ Kg5 45. Qe2 Kf6 46. b4 axb4 47. axb4 Qc1 48. b5 Qc3 49. Kg3 Qb3 50. Kf2 d3 51. Qd2 Qxb5 52. Ke3 Qc5+ 53. Kxd3 Qd4+ 54. Ke2 Qxd2+ 55. Kxd2 Kf5 56. Ke3 h5 57. g3 g5 58. Kd3 1/2-1/2